000 01596nam0a2200349 4500
001 RU\NLR\bibl\86275
005 20260409072940.0
010 _a5-227-00227-4
_910000
021 _aRU
_b2000-2998
_9149
035 _a(NLR Aleph) 000084273
090 _a470464
_c470464
100 _a20000516d2000 u y0rusy50 ca
101 1 _arus
_ceng
102 _aRU
105 _ay |||||||||
200 1 _aКак изменить свою жизнь
_eФормула счастья
_fБарбара Де Анджелис
_gПер. с англ. П.В. Рубцова
210 _aМ.
_cЦентрполиграф
_d2000
215 _a345,[1] с.
_d20
225 1 _aПопулярная психология
_dPublic psychology
300 _aЗагл. и авт. ориг.: Real moments: Discover the secret for true happiness / Barbara De Angelis
300 _aНа обороте тит.л. авт.: д-р философии Барбара Де Анджелис
454 0 _12001#$aReal moments$eDiscover the secret for true happiness$fBarbara De Angelis
_tReal moments
606 _aСчастье (психол.)
_jПопулярная литература
_3RU\NLR\auth\661248574
_92073650
606 _aСчастье (психол.)
_jПопулярные издания
_3RU\NLR\auth\661248574
_92073650
686 _aС550.354я9
700 1 _4070
_8rus
_7ca
_aДе Анджелис
_bБ.
_gБарбара
_3RU\NLR\auth\779858
_9119657
801 0 _aRU
_bNLR
_c20000516
_gPSBO
801 1 _aRU
_bNLR
_c20000516
852 _aNLR
_j2000-3/2924
942 _cBOOK
980 _aNB